La oscura historia de la prima Montse

Guardat en:
Dades bibliogràfiques
Autor principal: Marsé, Juan (autor)
Format: Llibre
Idioma:espanyol
Publicat: Barcelona Argos Vergara 1979
Edició:2a. ed
Matèries:
Etiquetes: Afegir etiqueta
Sense etiquetes, Sigues el primer a etiquetar aquest registre!

MARC

LEADER 00000nam a2200000 a 4500
001 UCQ6085
003 CL-VaPUC
008 981009e19790000SP |||||||||||||||||spa|d
082 0 4 |a 863  |b MAR  |2 21 
100 |a Marsé, Juan  |e autor  |9 453927 
245 1 3 |a La oscura historia de la prima Montse 
250 |a 2a. ed 
300 |a 284 p 
942 |c BK 
945 |d 19981009 00:00:00  |a lriquelm 
260 |a Barcelona  |b Argos Vergara  |c 1979 
650 0 |a Literatura española  |9 306261 
650 0 |a Novelas españolas  |9 265052 
583 |a last modification  |c 19981009 00:00:00  |k Rodrigo Vera 
999 |c 276088  |d 276086 
952 |0 0  |1 0  |4 0  |6 863_000000000000000_MAR_1979  |7 0  |8 A  |9 313217  |a FDOPOS  |b FDOPOS  |d 2019-11-20  |i 1478737  |o 863 MAR 1979  |p 1478737  |r 2025-01-22  |w 2019-11-20  |y BK  |k MLH